Architecture is life : (Record no. 608078)
[ view plain ]
| 000 -LEADER | |
|---|---|
| fixed length control field | 00653nam a22002057a 4500 |
| 003 - CONTROL NUMBER IDENTIFIER | |
| control field | OSt |
| 005 - DATE AND TIME OF LATEST TRANSACTION | |
| control field | 20240223103909.0 |
| 008 - FIXED-LENGTH DATA ELEMENTS--GENERAL INFORMATION | |
| fixed length control field | 170602t xxu||||| |||| 00| 0 eng d |
| 020 ## - INTERNATIONAL STANDARD BOOK NUMBER | |
| International Standard Book Number | 9783037785232 |
| 040 ## - CATALOGING SOURCE | |
| Transcribing agency | 0 |
| 082 ## - DEWEY DECIMAL CLASSIFICATION NUMBER | |
| Classification number | 720.91767 |
| Author Mark | ARC |
| 245 00 - TITLE STATEMENT | |
| Title | Architecture is life : |
| Remainder of title | Aga Khan Award for Architecture |
| Statement of responsibility, etc. | Edited by Mohsen Mostafavi. |
| 260 ## - PUBLICATION, DISTRIBUTION, ETC. | |
| Name of publisher, distributor, etc. | Lars Muller publisher. |
| Date of publication, distribution, etc. | 2016. |
| 300 ## - PHYSICAL DESCRIPTION | |
| Extent | 343p.: |
| Other physical details | ill; |
| Dimensions | 24 cm. |
| 650 ## - SUBJECT ADDED ENTRY--TOPICAL TERM | |
| Topical term or geographic name entry element | Islamic architecture |
| 9 (RLIN) | 31739 |
| 650 ## - SUBJECT ADDED ENTRY--TOPICAL TERM | |
| Topical term or geographic name entry element | Islamic countries |
| 9 (RLIN) | 118799 |
| 650 ## - SUBJECT ADDED ENTRY--TOPICAL TERM | |
| Topical term or geographic name entry element | Aga Khan Award for Architecture |
| 9 (RLIN) | 121223 |
| 700 10 - ADDED ENTRY--PERSONAL NAME | |
| Personal name | Mostafavi,Mohsen. |
| 9 (RLIN) | 118800 |
| 942 ## - ADDED ENTRY ELEMENTS (KOHA) | |
| Source of classification or shelving scheme | |
| Koha item type | Book |
| Institution code [OBSOLETE] | SADA |
| Call number prefix | 720.91767 ARC 2016 |
| Withdrawn status | Lost status | Source of classification or shelving scheme | Damaged status | Not for loan | Permanent Location | Current Location | Date acquired | Source of acquisition | Total Checkouts | Full call number | Barcode | Date last seen | Price effective from | Koha item type |
|---|---|---|---|---|---|---|---|---|---|---|---|---|---|---|
| School of Art Design and Architecture (SADA) | School of Art Design and Architecture (SADA) | 06/01/2017 | Donation | 720.91767 ARC 2016 | SADAD0000200 | 02/23/2024 | 02/23/2024 | Book |
